000 00283nam a22001337a 4500
008 170929b xxu||||| |||| 00| 0 eng d
020 _a2900312433092
041 _aeng
080 _a37
100 _a47
101 _aEDU
245 _aEASY WRITER
_cLUNSFORD, A.A
942 _2udc
_cBK
999 _c30778
_d30778